| 000 | 00697nam a2200205Ia 4500 | ||
|---|---|---|---|
| 003 | OSt | ||
| 005 | 20240805155203.0 | ||
| 008 | 210210b1977 xxu||||| |||| 00| 0 eng d | ||
| 040 | _cAL | ||
| 041 | _aKannada | ||
| 082 | _a282.092K SVAB | ||
| 100 |
_aSVAMI SUPRIYA. _9141819 _d ಸ್ವಾಮಿ ಸುಪ್ರಿಯಾ |
||
| 245 |
_aBhaktasantara jivana charitre:santa Dominic Saviyo. _bಭಕ್ತ ಸಂತರ ಜೀವನ ಚರಿತ್ರೆ : ಸಂತ ಡೊಮಿನಿಕ್ ಸಾವಿಯೋ |
||
| 260 |
_aBengaluru _bShatabdi Prakashana _c1977 |
||
| 300 | _a56 | ||
| 650 |
_aSaint Dominic Savio _9141820 |
||
| 690 |
_aChristianity _9141821 |
||
| 906 | _a047314 | ||
| 942 |
_2ddc _cBK |
||
| 999 |
_c96689 _d96689 |
||